UM Logo
Normal view MARC view
  • Economic conditions.

Entry Topical Term

Number of records used in: 1

001 - CONTROL NUMBER

  • control field: 41936

003 - CONTROL NUMBER IDENTIFIER

  • control field: OSt

005 - DATE AND TIME OF LATEST TRANSACTION

  • control field: 20200305124122.0

008 - FIXED-LENGTH DATA ELEMENTS

  • fixed length control field: 200305|| aca||aabn | a|a d

040 ## - CATALOGING SOURCE

  • Original cataloging agency: OSt
  • Transcribing agency: OSt

150 ## - HEADING--TOPICAL TERM

  • Topical term or geographic name entry element: Economic conditions.

670 ## - SOURCE DATA FOUND

  • Source citation: Work cat.: (OSt): 41935 Geducos, Argyll Cyrus B. Author., Palace welcomes PH ranking as 50th best country in the world/, ©2019.